| 000 | 00491 a2200193 4500 | ||
|---|---|---|---|
| 001 | 75942 | ||
| 005 | 20260317160555.0 | ||
| 010 | _a978-1-399-72486-9 | ||
| 090 | _a75942 | ||
| 100 | _a20260317d2024 m||y0pory50 ba | ||
| 101 | 0 | _apor | |
| 102 | _aPT | ||
| 200 | 1 |
_aThe Exchange _fJohn Grisham |
|
| 210 |
_aLondon _cHodder & Stoughton _d2024 |
||
| 215 | _a360 [2] p. | ||
| 606 |
_aLiteratura estrangeira _92081 |
||
| 675 |
_a821.111-312.4 _vBN _zpor |
||
| 700 |
_aGrisham _bJohn _f1955- _923165 |
||
| 942 |
_cMON _n0 |
||